[Event "48th Rilton Cup 2018"]
[Site "Stockholm"]
[Date "2019.01.05"]
[Round "9"]
[White "Donchenko, Alexander"]
[Black "Haug, Johannes"]
[Result "1-0"]
[WhiteElo "2604"]
[BlackElo "2402"]
[Annotator "TA"]
[PlyCount "91"]
[EventDate "2018.12.27"]
[EventType "swiss"]
[EventCountry "SWE"]
[SourceTitle "playchess.com"]
[Source "ChessBase"]
[SourceQuality "1"]

{[%evp 9,91,27,24,13,9,14,16,3,8,8,6,6,11,6,1,3,13,8,22,12,20,20,41,9,10,15,27,0,9,0,8,0,0,0,11,16,12,7,3,2,9,0,0,0,13,18,32,7,5,4,20,6,18,20,19,19,19,26,44,39,46,32,33,35,34,18,41,33,70,44,55,54,191,179,531,531,530,523,522,515,483,466,419,419]} 1. Nf3 d5 2. g3 Nd7 3. d4 b5 4. Nc3 c6 5. Bg2 $146 ({Predecessor:} 5. a3 Ngf6 6. Bg2 e6 7. e4 dxe4 8. Ng5 Be7 9. Ngxe4 Nd5 10. Qg4 O-O 11. Bh6 {½-½ (27) Meier,G (2622)-Bartel,M (2600) Germany 2018}) 5... e6 6. e4 {D02: 1 d4 d5 2 Nf3 sidelines, including 2...Nf6 3 g3 and 2...Nf6 3 Bf4} b4 7. Ne2 dxe4 8. Ng5 {The position is equal.} Ngf6 9. Nxe4 Nxe4 10. Bxe4 Bb7 11. O-O Be7 12. c4 bxc3 13. bxc3 O-O 14. Rb1 Qc8 15. Qc2 h6 16. Re1 Ba6 17. c4 Nb6 18. Bh7+ Kh8 19. Bd3 c5 20. Nf4 {Threatens to win with d5.} cxd4 21. Rxe6 Bg5 {...Bxf4 is the strong threat.} 22. Re4 Bxc4 23. Rxd4 {[%cal Rd3c4]} Bxd3 24. Qxd3 Bf6 25. Re4 Rd8 26. Qe2 Nd5 27. Nxd5 Rxd5 28. Bf4 Qd7 29. Bb8 g6 30. Qf3 Qf5 31. Qxf5 Rxf5 32. Rb7 Kg7 33. Rc4 a5 34. a4 h5 35. h3 Rd5 36. Ba7 Be5 37. Kg2 Rd2 38. Be3 Rb2 39. Re7 Bf6 40. Rd7 $36 {[%mdl 2048] White has the initiative.} Be5 ({Better is} 40... Kg8 $14) 41. Rc5 $18 Re8 $2 {[#]} (41... Bf6 {is tougher.} 42. Rcc7 Kg8 43. Rxf7 Be5) 42. Rxe5 $1 {[%mdl 576] Remove Defender, Decoy} Rxe5 43. Bd4 $1 {[%csl LRb2,LRe5][%mdl 64] Double Attack} Rbe2 {[#]} 44. Re7 $1 {[%mdl 64] Pin} R2e4 45. Bxe5+ Kf8 46. f3 {Accuracy: White = 65%, Black = 39%.} 1-0

[Event "48th Rilton Cup 2018"]
[Site "Stockholm"]
[Date "2019.01.05"]
[Round "9"]
[White "Gajewski, Grzegorz"]
[Black "Gopal G.N."]
[Result "1/2-1/2"]
[WhiteElo "2598"]
[BlackElo "2582"]
[Annotator "ChessBase"]
[PlyCount "60"]
[EventDate "2018.12.27"]
[EventType "swiss"]
[EventCountry "SWE"]
[SourceTitle "playchess.com"]
[Source "ChessBase"]
[SourceQuality "1"]
[TimeControl "40/5400+30:1800+30"]

1. Nf3 {[%emt 0:00:10]} c5 {[%emt 0:00:00]} 2. c4 {[%emt 0:00:06]} Nf6 {[%emt 0:00:00]} 3. Nc3 {[%emt 0:00:08]} Nc6 {[%emt 0:00:22]} 4. e3 {[%emt 0:00:22]} e6 {[%emt 0:00:14]} 5. d4 {[%emt 0:00:08]} d5 {[%emt 0:00:07]} 6. cxd5 {[%emt 0:02:57]} exd5 {[%emt 0:00:55]} 7. Bb5 {[%emt 0:00:41]} cxd4 {[%emt 0:03:22]} 8. exd4 {[%emt 0:02:17]} Bd6 {[%emt 0:10:36]} 9. O-O {[%emt 0:00:18]} O-O {[%emt 0:01:40]} 10. Bg5 {[%emt 0:00:44]} Bg4 {[%emt 0:03:59]} 11. Bxc6 {[%emt 0:03:57]} bxc6 {[%emt 0:00:04]} 12. h3 {[%emt 0:00:06]} Bh5 {[%emt 0:02:53]} 13. Re1 {[%emt 0:07:09]} h6 {[%emt 0:04:15]} 14. Bh4 {[%emt 0:01:01]} g5 {[%emt 0:10:27]} 15. Bg3 {[%emt 0:00:08]} Bxg3 {[%emt 0:05:46]} 16. fxg3 {[%emt 0:00:03]} Bxf3 {[%emt 0:00:08]} 17. Qxf3 {[%emt 0:01:12]} Qd6 {[%emt 0:00:05]} 18. Re5 {[%emt 0:03:19]} Rae8 {[%emt 0:02:16]} 19. Rf1 {[%emt 0:03:09]} Kg7 {[%emt 0:04:37]} 20. Rf5 {[%emt 0:00:40]} Re6 {[%emt 0:00:07]} 21. Na4 {[%emt 0:16:39]} Qb4 {[%emt 0:08:24]} 22. Nc5 {[%emt 0:12:47]} Qxd4+ {[%emt 0:00:56]} 23. Qf2 {[%emt 0:00:02]} Qxf2+ {[%emt 0:00:48]} 24. R5xf2 {[%emt 0:00:03]} Rd6 {[%emt 0:00:39]} 25. Nb7 {[%emt 0:00:04]} Re6 {[%emt 0:00:46]} 26. Nc5 {[%emt 0:00:06]} Rd6 {[%emt 0:00:04]} 27. Nb7 {[%emt 0:00:04]} Rd7 {[%emt 0:00:47]} 28. Nc5 {[%emt 0:00:06]} Rd6 {[%emt 0:00:06]} 29. Nb7 {[%emt 0:00:04]} Rd7 {[%emt 0:00:03]} 30. Nc5 {[%emt 0:00:04]} Rd6 1/2-1/2

[Event "48th Rilton Cup 2018"]
[Site "Stockholm"]
[Date "2019.01.05"]
[Round "9"]
[White "Liang, Awonder"]
[Black "Nabaty, Tamir"]
[Result "0-1"]
[WhiteElo "2589"]
[BlackElo "2670"]
[Annotator "TA"]
[PlyCount "84"]
[EventDate "2018.12.27"]
[EventType "swiss"]
[EventCountry "SWE"]
[SourceTitle "playchess.com"]
[Source "ChessBase"]
[SourceQuality "1"]

{[%evp 16,84,10,-4,0,0,0,-3,0,0,0,0,18,9,8,2,0,0,0,0,0,-7,0,0,0,-25,-29,-27,-24,-82,-67,-62,-62,-127,-114,-114,-114,-235,-227,-351,-345,-355,-333,-333,-324,-325,-328,-339,-325,-325,-325,-1056,-998,-1038,-621,-611,-508,-597,-568,-702,-699,-695,-616,-612,-597,-642,-641,-714,-588,-600,-593]} 1. Nf3 d5 2. g3 g6 3. Bg2 Bg7 4. d4 c6 5. O-O Nf6 6. c4 dxc4 {D73: Fianchetto Grünfeld: 5 Nf3} (6... O-O 7. b3 Bf5 8. Bb2 Nbd7 9. cxd5 cxd5 10. Nc3 Qb6 11. Rc1 Rfc8 12. e3 Be4 13. Qe2 e6 14. Rfd1 a6 15. Bf1 Bxf3 16. Qxf3 Qd8 {½-½ (42) Wojtaszek,R (2737)-Grischuk,A (2785) Heraklio 2017}) 7. a4 Ne4 8. Qc2 Nd6 9. Bf4 {LiveBook: 4 Games} Bf5 10. Qc1 O-O 11. Nbd2 Na6 12. Nxc4 Nxc4 13. Qxc4 {[#]} Qd5 $146 ({Predecessor:} 13... Be4 14. Ne5 Bxg2 15. Kxg2 Qd5+ 16. Qxd5 cxd5 17. Nf3 Rfc8 18. Rac1 Nb4 19. Bd2 Nc6 20. e3 {½-½ (20) Boric,M (2400)-Dizdarevic,E (2530) Porec 1998}) 14. Qxd5 cxd5 15. Ra3 Rfc8 16. Rb3 b6 17. a5 bxa5 18. Rb7 e6 19. Ra1 Nb4 20. Rxa5 Nc6 {[%cal Bb4c6,Bc6e5,Be5f3,Bf3d2][%mdl 32]} 21. Ra4 Bg4 22. e3 (22. Kf1 $11 {remains equal.}) 22... Ne5 {( -> ...Rc1+)} 23. Nd2 $1 (23. Nxe5 Rc1+ 24. Bf1 Bh3 25. Rb8+ Rxb8 26. Ra1 Rxa1 27. Kh1 Rxf1#) 23... Rc1+ 24. Nf1 (24. Bf1 $15 Nf3+ 25. Nxf3 Bxf3 26. Raxa7 Rxa7 27. Rxa7) 24... Nf3+ $17 25. Kh1 {[#]} g5 $1 $36 {[%cal Rg5f4][%mdl 2048] Black is on the roll.} 26. Rc7 (26. Bd6 $17 {was necessary.} f5 27. h3 (27. Rbxa7 $2 Rxa7 28. Rxa7 Nd2 $19)) 26... Rb1 $19 27. Bd6 {[#]} (27. h3 $142 gxf4 28. hxg4 fxe3 29. fxe3) 27... Nd2 $1 (27... Rxb2 28. h3 $16) 28. Raxa7 Rxa7 29. Rc8+ Bf8 30. Bxf8 {[%cal Rf8h6]} h5 ({Not} 30... Rxf1+ $2 31. Bxf1 e5 32. Rd8 $18) ({Worse is} 30... e5 31. Rd8 $11 (31. Rb8 Rb7 $11)) 31. Bb4+ Kg7 32. Bxd2 Be2 33. Bc3 $2 (33. Rc1 Rxc1 34. Bxc1) 33... g4 {Black is clearly winning.} 34. b4 Bxf1 35. Bxf1 Rxf1+ {[%mdl 4160] Endgame Double Attack. KRR-KRB} 36. Kg2 Rc1 37. Rc5 Ra2 38. b5 Rcc2 39. Be1 Re2 40. Kf1 Reb2 41. Kg2 Kg6 42. Rc1 Rxb5 {Accuracy: White = 35%, Black = 83%.} 0-1

[Event "48th Rilton Cup 2018"]
[Site "Stockholm"]
[Date "2019.01.05"]
[Round "9"]
[White "Volkov, Sergey"]
[Black "Santos Latasa, Jaime"]
[Result "1-0"]
[WhiteElo "2583"]
[BlackElo "2584"]
[Annotator "ChessBase"]
[PlyCount "67"]
[EventDate "2018.12.27"]
[EventType "swiss"]
[EventCountry "SWE"]
[SourceTitle "playchess.com"]
[Source "ChessBase"]
[SourceQuality "1"]
[TimeControl "40/5400+30:1800+30"]

1. d4 {[%emt 0:00:00]} Nf6 {[%emt 0:00:00]} 2. c4 {[%emt 0:00:00]} e6 {[%emt 0:00:00]} 3. Nc3 {[%emt 0:00:00]} Bb4 {[%emt 0:00:00]} 4. f3 {[%emt 0:00:02]} c5 {[%emt 0:00:00]} 5. d5 {[%emt 0:00:05]} d6 {[%emt 0:00:02]} 6. e4 {[%emt 0:00:09]} b5 {[%emt 0:00:03]} 7. Bd2 {[%emt 0:00:05]} a6 {[%emt 0:00:24]} 8. a4 {[%emt 0:00:06]} bxc4 {[%emt 0:02:14]} 9. Bxc4 {[%emt 0:00:43]} O-O {[%emt 0:01:36]} 10. Nge2 {[%emt 0:07:03]} Re8 {[%emt 0:03:02]} 11. Nf4 {[%emt 0:09:54]} e5 {[%emt 0:05:51]} 12. Nd3 {[%emt 0:00:40]} Ba5 {[%emt 0:00:03]} 13. b3 {[%emt 0:13:15]} Nh5 {[%emt 0:03:55]} 14. O-O {[%emt 0:03:37]} Nd7 {[%emt 0:10:15]} 15. g3 {[%emt 0:04:06]} g6 {[%emt 0:02:42]} 16. Nb2 {[%emt 0:05:27]} Rb8 {[%emt 0:12:29]} 17. Bd3 {[%emt 0:04:31]} Bb4 {[%emt 0:00:27]} 18. Nc4 {[%emt 0:03:00]} Nb6 {[%emt 0:00:21]} 19. Ne3 {[%emt 0:00:11]} Ng7 {[%emt 0:01:32]} 20. Qe2 {[%emt 0:04:24]} a5 {[%emt 0:01:41]} 21. Nc2 {[%emt 0:08:26]} Nd7 {[%emt 0:03:05]} 22. Nb5 {[%emt 0:04:12]} Bxd2 {[%emt 0:01:25]} 23. Qxd2 {[%emt 0:00:04]} Nf8 {[%emt 0:02:22]} 24. Nca3 {[%emt 0:03:23]} Ra8 {[%emt 0:00:47]} 25. Nc4 {[%emt 0:00:59]} Ra6 {[%emt 0:00:10]} 26. f4 {[%emt 0:01:20]} f6 {[%emt 0:00:54]} 27. Kg2 {[%emt 0:04:54]} g5 {[%emt 0:02:20]} 28. fxg5 {[%emt 0:02:38]} fxg5 {[%emt 0:00:38]} 29. Qf2 {[%emt 0:00:31]} Ng6 {[%emt 0:02:33]} 30. Qf7+ {[%emt 0:00:38]} Kh8 {[%emt 0:00:05]} 31. Qc7 {[%emt 0:00:33]} Kg8 {[%emt 0:01:31]} 32. Rf7 {[%emt 0:01:16]} Qxc7 {[%emt 0:00:16]} 33. Rxc7 {[%emt 0:00:11]} Rd8 {[%emt 0:00:10]} 34. Nbxd6 {[%emt 0:01:15]} 1-0

[Event "48th Rilton Cup 2018"]
[Site "Stockholm"]
[Date "2019.01.05"]
[Round "9"]
[White "Heberla, Bartlomiej"]
[Black "Gholami, Aryan"]
[Result "0-1"]
[WhiteElo "2550"]
[BlackElo "2488"]
[Annotator "RC"]
[PlyCount "78"]
[EventDate "2018.12.27"]
[EventType "swiss"]
[EventCountry "SWE"]
[SourceTitle "playchess.com"]
[Source "ChessBase"]
[SourceQuality "1"]
[TimeControl "40/5400+30:1800+30"]

1. e4 {[%emt 0:10:10]} c6 {[%emt 0:00:00]} 2. d4 {[%emt 0:00:06]} d5 {[%emt 0:00:00]} 3. exd5 {[%emt 0:00:02]} cxd5 {[%emt 0:00:00]} 4. Bd3 {[%emt 0:00:04]} Nc6 {[%emt 0:00:00]} 5. c3 {[%emt 0:00:12]} Qc7 {[%emt 0:00:02]} 6. Ne2 {[%emt 0:00:10]} Bg4 {[%emt 0:00:07]} 7. O-O {[%emt 0:00:05]} e6 {[%emt 0:00:04]} 8. Qe1 {[%emt 0:00:07]} Nf6 {[%emt 0:00:05]} 9. Bg5 {[%emt 0:00:04]} Bh5 {[%emt 0:30:07]} 10. f4 {[%emt 0:22:20]} O-O-O {[%emt 0:04:05]} 11. Ng3 {[%emt 0:01:00]} Bg6 {[%emt 0:00:11]} 12. f5 {[%emt 0:00:06]} exf5 {[%emt 0:00:09]} 13. Bxf6 {[%emt 0:00:33]} gxf6 {[%emt 0:00:06]} 14. Nxf5 {[%emt 0:00:47]} Qb6 {[%emt 0:07:03]} 15. Nd2 {[%emt 0:09:40]} Qxb2 {[%emt 0:04:32]} 16. Nb3 {[%emt 0:08:45]} Qa3 {[%emt 0:04:50]} 17. Qh4 {[%emt 0:10:09]} Be7 {[%emt 0:00:30]} 18. Bb5 {[%emt 0:11:06]} Bxf5 {[%emt 0:08:28]} 19. Rxf5 {[%emt 0:01:34]} Na5 {[%emt 0:00:38]} 20. Qe1 {[%emt 0:03:22]} Bd6 {[%emt 0:07:33]} 21. Qf1 {[%emt 0:07:04]} a6 {[%emt 0:08:58]} 22. Bd3 {[%emt 0:05:23]} Be7 {[%emt 0:00:06]} 23. Bxa6 {[%emt 0:04:13]} bxa6 {[%emt 0:00:25]} 24. Qxa6+ {[%emt 0:00:02]} Nb7 {[%emt 0:00:09]} 25. Qc6+ {[%emt 0:00:03]} Kb8 {[%emt 0:00:06]} 26. Rb1 {[%emt 0:00:07]} Rd6 {[%emt 0:10:37]} 27. Qb5 {[%emt 0:00:12]} Kc7 {[%emt 0:00:06]} 28. Nc5 {[%emt 0:05:21]} Nxc5 {[%emt 0:00:05]} 29. dxc5 {[%emt 0:00:03]} Qa7 {[%emt 0:00:10]} 30. Kh1 {[%emt 0:00:28]} Rc6 {[%emt 0:02:51]} 31. Qe2 {[%emt 0:00:47]} Re6 {[%emt 0:00:18]} 32. Qh5 {[%emt 0:00:56]} Qxa2 {[%emt 0:00:17]} 33. Rff1 {[%emt 0:00:52]} Rg8 {[%emt 0:00:21]} 34. Qf3 {[%emt 0:00:23]} Bxc5 {[%emt 0:05:10]} 35. c4 {[%emt 0:00:01]} Rg5 {[%emt 0:02:31]} 36. h4 {[%emt 0:01:11]} Re3 {[%emt 0:01:33]} 37. Qf4+ {[%emt 0:00:28]} Bd6 {[%emt 0:00:04]} 38. Qf2 {[%emt 0:00:27]} Qxf2 {[%emt 0:00:18]} 39. Rxf2 {[%emt 0:00:01]} Rge5 {[%emt 0:00:22]} 0-1

[Event "48th Rilton Cup 2018"]
[Site "Stockholm"]
[Date "2019.01.05"]
[Round "9"]
[White "Hillarp Persson, Tiger"]
[Black "Karthikeyan, Murali"]
[Result "1/2-1/2"]
[WhiteElo "2546"]
[BlackElo "2591"]
[Annotator "TA"]
[PlyCount "86"]
[EventDate "2018.12.27"]
[EventType "swiss"]
[EventCountry "SWE"]
[SourceTitle "playchess.com"]
[Source "ChessBase"]
[SourceQuality "1"]

{[%evp 20,86,29,23,26,33,40,31,47,22,51,0,18,12,19,24,13,0,313,306,312,-22,300,307,301,310,305,318,316,323,326,329,331,337,331,324,385,374,385,375,362,374,358,312,323,301,289,245,260,19,34,0,0,0,0,0,0,0,0,4,4,0,4,4,11,0,0,0,0]} 1. d4 Nf6 2. c4 e6 3. Nc3 Bb4 4. e3 O-O 5. Nge2 d5 6. a3 Be7 7. cxd5 exd5 8. Nf4 c6 9. Bd3 Bd6 {E46: Nimzo-Indian: Rubinstein: 4 e3 0-0 5 Ne2 without early Bd3} (9... Na6 10. O-O Nc7 11. f3 Re8 12. Bd2 Bf8 13. Qe1 g6 14. g4 c5 15. Qf2 b6 16. h4 Bd6 17. Nce2 {0-1 (54) Caruana,F (2816)-Karjakin,S (2782) Leuven 2018}) 10. O-O a5 11. f3 {LiveBook: 4 Games} Na6 {White has an edge.} 12. Kh1 c5 $146 ({Predecessor:} 12... Kh8 13. Bc2 c5 14. Ncxd5 Nxd5 15. Nxd5 Bxh2 16. Kxh2 Qxd5 17. Bb3 {1-0 (34) Marguerettaz,D (2116)-Caprio,G (2265) Arvier 2010}) 13. Bc2 Nc7 14. g4 b6 15. dxc5 (15. g5 $14 Nd7 16. Nfxd5 (16. Ncxd5 Nxd5 17. Nxd5 Qxg5 $11) (16. Qd3 g6 $15)) 15... bxc5 16. g5 Nfe8 17. Ncxd5 Qxg5 18. e4 $36 {[%mdl 2048] Black is under pressure.} Qh6 $2 {[%mdl 8192] [#]} (18... Rb8 $11) 19. e5 $1 $18 {[%mdl 576] Deflection} Bxe5 20. Ne7+ Kh8 {[#]} 21. Nfg6+ $1 {[%mdl 512]} Qxg6 (21... fxg6 22. Bxh6) 22. Bxg6 fxg6 23. Nxc8 Rxc8 24. Qe1 Bd4 25. Qxa5 Nd6 26. a4 Nc4 27. Qe1 Rfe8 28. Qd1 Nxb2 29. Bxb2 Bxb2 30. Ra2 Bd4 31. a5 Nd5 32. Re2 Red8 33. Qd2 Ra8 34. Rfe1 $2 (34. Rc1 $18) 34... Bc3 $11 {[%mdl 64] Double Attack} 35. Qxd5 Bxe1 {The position is equal.} 36. Qxc5 Bxa5 37. Ra2 Be1 $1 38. Rxa8 (38. Qd5 {with more complications.} Rac8 39. Qe4 Re8 40. Rc2 Rcd8 41. Qa4) 38... Rxa8 {KQ-KRB} 39. Qd5 {[%cal Rd5a8]} Rg8 40. Kg2 Bh4 41. Qe4 Bf6 42. h3 g5 43. f4 gxf4 {Accuracy: White = 57%, Black = 68%.} 1/2-1/2

[Event "48th Rilton Cup 2018"]
[Site "Stockholm"]
[Date "2019.01.05"]
[Round "9"]
[White "Urkedal, Frode Olav Olsen"]
[Black "Lalith Babu M R"]
[Result "1-0"]
[WhiteElo "2537"]
[BlackElo "2529"]
[Annotator "ChessBase"]
[PlyCount "159"]
[EventDate "2018.12.27"]
[EventType "swiss"]
[EventCountry "SWE"]
[SourceTitle "playchess.com"]
[Source "ChessBase"]
[SourceQuality "1"]
[TimeControl "40/5400+30:1800+30"]

1. d4 {[%emt 0:00:00]} Nf6 {[%emt 0:00:00]} 2. c4 {[%emt 0:00:00]} e6 {[%emt 0:00:00]} 3. Nf3 {[%emt 0:00:00]} b6 {[%emt 0:00:00]} 4. Nc3 {[%emt 0:01:08]} Bb4 {[%emt 0:00:35]} 5. e3 {[%emt 0:00:24]} Bb7 {[%emt 0:00:08]} 6. Bd3 {[%emt 0:00:04]} O-O {[%emt 0:01:05]} 7. O-O {[%emt 0:00:07]} c5 {[%emt 0:00:06]} 8. Na4 {[%emt 0:00:23]} cxd4 {[%emt 0:00:30]} 9. exd4 {[%emt 0:00:04]} Re8 {[%emt 0:02:02]} 10. Bf4 {[%emt 0:08:23]} Bf8 {[%emt 0:06:16]} 11. Re1 {[%emt 0:02:18]} d6 {[%emt 0:01:51]} 12. Nc3 {[%emt 0:05:34]} Nbd7 {[%emt 0:05:33]} 13. Rc1 {[%emt 0:03:13]} a6 {[%emt 0:00:45]} 14. h3 {[%emt 0:05:41]} h6 {[%emt 0:02:51]} 15. Bh2 {[%emt 0:02:26]} Rc8 {[%emt 0:11:41]} 16. a3 {[%emt 0:03:52]} Rc7 {[%emt 0:08:03]} 17. Bf1 {[%emt 0:26:34]} Qa8 {[%emt 0:01:09]} 18. Re3 {[%emt 0:05:44]} Rcc8 {[%emt 0:04:03]} 19. b4 {[%emt 0:00:22]} Red8 {[%emt 0:09:02]} 20. Rc2 {[%emt 0:11:47]} Ne4 21. Nxe4 Bxe4 22. Rd2 a5 23. Bg3 Bb7 24. Bd3 Ba6 25. Qe2 Re8 26. Rd1 Nf6 27. Bh4 Nh5 28. g3 g6 29. Re1 Bg7 30. d5 e5 31. b5 Bb7 32. Nd4 Rc7 33. Nf5 Bf8 34. f4 Qc8 35. fxe5 dxe5 36. d6 Rc5 37. Qg4 Re6 38. Ne7+ Bxe7 39. Bxe7 Qe8 40. Qh4 Qd7 41. Be2 Ng7 42. Qxh6 Rxe7 43. dxe7 Qxe7 44. Bd3 Qd6 45. Qh4 Bc8 46. g4 Ne6 47. Bf1 Nf4 48. Qf2 Be6 49. Qb2 f6 50. g5 Kf7 51. gxf6 Kxf6 52. Qf2 Bf5 53. Kh2 e4 54. Qg3 Qe5 55. Kh1 Rc8 56. Rf3 Ne6 57. Qh4+ Kg7 58. Qe7+ Kh6 59. Qh4+ Kg7 60. Qe7+ Kh6 61. Rfe3 Qf4 62. Bg2 Rxc4 63. Qf6 Rc2 64. Qh8+ Kg5 65. h4+ Qxh4+ 66. Qxh4+ Kxh4 67. Bxe4 Nd4 68. Bxc2 Nxc2 69. R1e2 Nxe3 70. Rxe3 Kg4 71. Kg1 Kf4 72. Rc3 Ke5 73. Rc6 Kd4 74. Kf2 Bd3 75. a4 g5 76. Rxb6 Bc2 77. Ra6 Bxa4 78. Rxa5 Bc2 79. b6 Be4 80. Ra4+ 1-0

[Event "48th Rilton Cup 2018"]
[Site "Stockholm"]
[Date "2019.01.05"]
[Round "9"]
[White "Ivanov, Sergey"]
[Black "Zou, Chen"]
[Result "1/2-1/2"]
[WhiteElo "2524"]
[BlackElo "2384"]
[Annotator "TA"]
[PlyCount "138"]
[EventDate "2018.12.27"]
[EventType "swiss"]
[EventCountry "SWE"]
[SourceTitle "playchess.com"]
[Source "ChessBase"]
[SourceQuality "1"]

{[%evp 29,138,63,83,79,78,75,62,59,69,11,84,78,109,80,95,108,134,129,137,130,126,92,92,108,191,167,197,175,263,236,256,205,200,160,345,362,297,337,389,382,380,222,400,400,382,382,382,306,370,357,364,355,356,284,298,294,276,287,292,294,270,258,293,278,286,283,381,331,341,334,310,274,310,310,642,625,1363,1355,1200,1069,802,0,928,914,1451,1436,1131,369,349,0,0,0,0,0,0,0,82,82,82,0,0,0,0,0,0,0,8,0,0,0,0]} 1. d4 Nf6 2. c4 g6 3. Nc3 Bg7 4. e4 d6 5. Be2 O-O 6. Bg5 Na6 7. Nf3 e5 8. dxe5 dxe5 9. Qxd8 Rxd8 10. Nd5 Rd6 11. Bxf6 Bxf6 12. Nxf6+ Rxf6 13. Nxe5 Re6 14. f4 Nc5 15. O-O-O {E92: King's Indian: Classical: 6 Be2 e5: 7 dxe5, 7 Be3 and Petrosian System without 7...Nbd7} f6 {LiveBook: 9 Games} 16. Ng4 Nxe4 17. Bf3 {White is better.} Kg7 18. Rhe1 Nc5 19. Nf2 ({Better is} 19. Ne3 $14) 19... a5 $146 {[#]} (19... Rxe1 $11 20. Rxe1 Kf7) ({Predecessor:} 19... c6 20. b4 Rxe1 21. Rxe1 Ne6 22. Nd3 Kf7 {1-0 (42) Vogt,L (2480)-Pinter,J (2420) Budapest 1976}) 20. Ne4 $1 $16 {[%cal Re4c5]} Nxe4 21. Rxe4 Rxe4 22. Bxe4 {[%mdl 4096] Endgame KRB-KRB} Ra7 23. Rd8 Be6 24. Bd5 Bf5 25. Kd2 c6 26. Bf3 Ra6 (26... g5 $16) 27. Kc3 $18 a4 28. Rb8 Rb6 (28... Ra7 $142 29. Kb4 a3 30. bxa3 g5) 29. Ra8 g5 30. fxg5 (30. Rxa4 $6 g4 $16) 30... fxg5 31. Ra5 ({But not} 31. Rxa4 $6 g4 $16) 31... c5 $2 (31... g4 $16) 32. Rxc5 Kf6 33. Ra5 Re6 34. Rxa4 b6 35. Rb4 (35. Ra6 $142) 35... g4 $2 (35... Re3+ 36. Kd2 Rd3+ 37. Ke2 Rd6) 36. Bd5 Rd6 37. Kd4 Be6 38. Ke4 Bd7 39. g3 Ke7 40. Ke5 Rh6 41. Rb3 Bc8 42. Kf4 Rf6+ 43. Ke3 Rh6 44. Kd4 Kd8 45. Be4 Kc7 46. Ra3 Rxh2 47. b4 Kb8 48. Ra8+ Kc7 49. c5 bxc5+ 50. Kxc5 Rh5+ 51. Kd4 Bd7 $2 (51... Rh3 52. b5 Rxg3 53. b6+ {[%mdl 64] Deflection} (53. Bxh7 Bb7 $16) 53... Kxb6 54. Rxc8 Rh3 55. Rb8+ Ka5) 52. a4 Rh3 53. Ra7+ Kd6 54. Ra6+ Ke7 55. Bc6 $2 ({White must play} 55. b5 $18 Rh2 56. b6) 55... Bc8 $2 {[%mdl 8192]} (55... Bxc6 $11 56. Rxc6 Rxg3) 56. Ra8 Be6 57. b5 Kd6 58. Bd5 $2 (58. Rd8+ Kc7 59. Re8) 58... Bxd5 {[#] KRB-KR} 59. Ra6+ $2 (59. Rd8+ $1 $18 Kc7 60. Rxd5 Rxg3 61. Kc5) 59... Kc7 $11 60. Kxd5 {a5 is the strong threat.} Rxg3 {KR-KR} 61. Ra7+ Kb6 62. Rxh7 {Strongly threatening Rh6+.} Ra3 (62... Rh3 $1 $11 {keeps the balance.} 63. Rg7 g3) 63. Rh6+ $16 Kb7 64. Kc5 (64. Ra6 $16) 64... Rxa4 $11 {The position is equal.} 65. Rh7+ Kc8 66. Kb6 Rd4 67. Rg7 Rd6+ 68. Kc5 Rd7 69. Rxg4 {And now Kb6 would win.} Kb7 {Accuracy: White = 70%, Black = 46%.} 1/2-1/2

[Event "48th Rilton Cup 2018"]
[Site "Stockholm"]
[Date "2019.01.05"]
[Round "9"]
[White "Thybo, Jesper Sondergaard"]
[Black "Lagarde, Maxime"]
[Result "0-1"]
[WhiteElo "2519"]
[BlackElo "2616"]
[Annotator "TA"]
[PlyCount "98"]
[EventDate "2018.12.27"]
[EventType "swiss"]
[EventCountry "SWE"]
[SourceTitle "playchess.com"]
[Source "ChessBase"]
[SourceQuality "1"]

{[%evp 24,98,72,68,154,145,122,135,130,141,169,173,205,194,207,193,233,119,124,111,131,0,73,65,75,68,111,0,0,0,0,0,0,-53,-50,-159,-139,-174,-63,-233,-241,-219,-206,-218,-201,-224,-276,-347,-358,-507,-387,-540,-396,-383,-375,-379,-387,-387,-393,-363,-386,-426,-428,-426,-389,-406,-403,-389,-390,-870,-858,-825,-831,-1207,-802,-789,-779]} 1. d4 Nf6 2. c4 e6 3. Nf3 c5 4. d5 d6 5. Nc3 exd5 6. cxd5 g6 7. Bf4 a6 8. a4 Bg7 9. h3 O-O 10. e3 Re8 {A61: Modern Benoni: Nf3 without early e4} (10... Qe7 11. Bd3 Nbd7 12. O-O Ne8 13. e4 Rb8 14. Re1 Nc7 15. Qd2 Ne5 16. Nxe5 Bxe5 17. Bxe5 Qxe5 18. a5 {1-0 (42) Akobian,V (2647)-Ponkratov,P (2613) Riadh 2017}) 11. Nd2 Nbd7 12. Be2 Ne5 13. Bh2 {LiveBook: 9 Games} Nfd7 (13... Qe7 $14) 14. f4 $1 $16 {[%mdl 64] Trapped Piece} Nd3+ 15. Bxd3 Rxe3+ 16. Be2 Qh4+ 17. Kf1 Bd4 {( -> ...Rf3+!)} 18. Qe1 $1 {[%cal Re1h4]} Qh6 $146 19. Nf3 Nf6 20. Bg1 (20. Qd2 $18 Ne4 21. Nxe4 Rxe4 22. Bd3) 20... Bxc3 21. bxc3 Re7 {[#]} 22. c4 (22. Bf2 $1 $16) 22... Bg4 (22... Bf5 $1 $11 {remains equal.} 23. Qh4 Qxh4 24. Nxh4 Bc2) 23. Rh2 Bxf3 $1 24. gxf3 Rae8 25. Qg3 (25. Qd2 $16) 25... Nh5 $11 {[%cal Bf6h5,Bh5g7,Bg7f5][%mdl 32]} 26. Qh4 $1 Qg7 27. Re1 Qc3 {And now ...Qd2 would win.} 28. Rg2 (28. f5 $11) 28... Ng7 $1 $40 {[%cal Rg7f5][%mdl 128] Hoping for ...Nf5. Black attacks.} 29. f5 ({White has to play} 29. Rd1 $1 $15) 29... Nxf5 $17 30. Qf4 {Strongly threatening Qxf5.} Re5 ({Worse is} 30... Nd4 31. Bxd4 cxd4 32. Rd1 $11) ({Black should play} 30... Kf8 $19 31. Rd1 Qb3) 31. Bf2 $2 ({White should try} 31. Qc1 $15 Qb3 32. Qa1) 31... Qc2 $1 $19 {[%csl LRa4,LRe2][%mdl 64] Double Attack} 32. Bg1 Qxa4 ({Not} 32... Qc3 33. Qc1 $15) 33. Qd2 b5 {[%cal Bb7b5,Bb5b4][%mdl 1056] Black has strong compensation.} 34. Bf2 b4 35. f4 Re4 36. Rg5 (36. Rh2 {was worth a try.} b3 37. Bd3 Rxe1+ 38. Bxe1 Ne3+ 39. Kg1 Nxc4 40. Bxc4 Qxc4 41. Bh4) 36... Qb3 37. Qd3 Qxd3 38. Bxd3 Rxe1+ 39. Bxe1 {[#]} Ne3+ $1 40. Kf2 Nd1+ 41. Kf1 a5 {[%cal Ba6a5,Ba5a4,Ba4a3][%mdl 32]} 42. Bd2 a4 43. Rg3 a3 44. Bb1 Nb2 45. Ba2 Re4 46. Re3 $2 (46. Bc1) 46... Nxc4 {Black is clearly winning.} 47. Bxc4 Rxc4 48. Re8+ Kg7 49. Ra8 b3 {Accuracy: White = 33%, Black = 60%.} 0-1